000 00525nam a2200169 i 4500
001 36863
003 ES-MaACL
005 20230906155446.0
007 t|
008 030219s1973 sp ||||1| spa d
100 1 _aBray, Patrick F.
_931523
245 1 0 _aNeurología pediátrica /
_cPatrick F. Bray ; [versión revisada por E. Fernández Alvarez].
260 _aBarcelona :
_bSalvat,
_c[1973]
300 _aXIII, 565 p. :
_bil. ;
_c25 cm.
700 1 _aFernández Alvarez, E.
_949453
852 _aES-MaACL
_jC-55560
_bR.88308
999 _c36863
_d36863